Estudio de pre factibilidad de la construcción de 100 viviendas sociales y equipamiento de infraestructura urbana en la lotificación Santa María en el municipio de Ciudad Sandino
Presenta un estudio de pre factibilidad para la construcción de 100 viviendas sociales y equipamiento de infraestructura urbana de la lotificación, su objetivo buscar soluciones habitacionales responsables a largo plazo que aglutinen a todos los actores involucrados no solo aumentarían la calidad...
| Main Authors: | , |
|---|---|
| Other Authors: | |
| Format: | Tesis Section = Libro |
| Language: | Undetermined Spanish |
| Published: |
Managua
UNI
2017
|
| Subjects: |
| LEADER | 01330nam a2200277Ia 4500 | ||
|---|---|---|---|
| 008 | 240830s9999 xx 000 0 und d | ||
| 040 | |a BIBLIOTECA-RUSB/ M.Mon 363.5 B687 | ||
| 041 | |a spa | ||
| 082 | |a M.Mon 363.5 B687 | ||
| 100 | 1 | |a Bolaños Palma, Agnieszka | |
| 100 | 1 | |b Rivera Amador, Oswaldo | |
| 245 | 1 | 0 | |a Estudio de pre factibilidad de la construcción de 100 viviendas sociales y equipamiento de infraestructura urbana en la lotificación Santa María en el municipio de Ciudad Sandino |
| 260 | |a Managua |b UNI |c 2017 | ||
| 300 | |a 263 p. :il. | ||
| 500 | |a Contiene: anexos. | ||
| 502 | |a Tesis (Máster en Gerencia de Proyectos de Desarrollo) - UNI, 2017. | ||
| 520 | 3 | |a Presenta un estudio de pre factibilidad para la construcción de 100 viviendas sociales y equipamiento de infraestructura urbana de la lotificación, su objetivo buscar soluciones habitacionales responsables a largo plazo que aglutinen a todos los actores involucrados no solo aumentarían la calidad de vida los beneficiados y su entorno. | |
| 650 | 7 | |a construcción DE VIVIENDAS | |
| 650 | 7 | |b VIVIENDAS-PROYECTOS | |
| 650 | 7 | |c VIVIENDAS SOCIALES | |
| 650 | 7 | |d VIVIENDAS-FINANCIACION | |
| 650 | 7 | |e EVALUACION FINANCIERA DEL PROYECTO | |
| 700 | 1 | |a Tutor: |b Madrigal Bravo, Raúl | |
| 942 | |c BK |2 ddc | ||
| 991 | |a TESIS | ||
| 999 | |c 19254 | ||